Využitie softvéru pri riešení viacnásobných integrálov

Saved in:
Bibliographic Details
Main Author: Strešňáková, Anna, 1976-
Format: Book Chapter
Language:Slovak
Subjects:
Tags: Add Tag
No Tags, Be the first to tag this record!

MARC

LEADER 00000naa$a2200000$$$4500
001 0080418
005 20240502071918.1
041 0 |a slo 
044 |a SK 
245 1 0 |a Využitie softvéru pri riešení viacnásobných integrálov  |c Anna Strešňáková 
610 2 0 |a matematika 
610 2 0 |a vyučovanie 
610 2 0 |a softvér 
100 1 |a Strešňáková, Anna, 1976-